• 首页
  • 本馆介绍
  • 公告通知
  • 最新文献
  • 馆藏检索
  • 电子资源
  • 读者导购
  • 参考咨询
  • 我的图书馆
  • 登录
  • 详细信息显示
  • 放入我的书架
  • 预约/预借图书
  • 作者相关作品
  • 分类相关作品
  • 丛书相关作品
  • 出版社相关作品

书目信息

  • 表格格式
  • 工作单格式
  • 卡片格式
题名:
生活中的心理学
    
 
作者: 邢群麟 , 杨英 著
分册:  
出版信息: 长春   吉林文史出版社  2019.05
页数: 246页
开本: 21cm
丛书名:
单 册:
中图分类: B84-49
科图分类:
主题词: 心理学--xin li xue--通俗读物
电子资源:
ISBN: 978-7-5472-6160-6
000 00885nam0 2200241 450
001 CAL 0120192804453
005 20230217093111.0
010    @a978-7-5472-6160-6@dCNY36.00
100    @a20190717d2019 em y0chiy0120 ea
101 0  @achi
102    @aCN@b220000
105    @ay z 000yy
106    @ar
200 1  @a生活中的心理学@Asheng huo zhong de xin li xue@f邢群麟, 杨英著
210    @a长春@c吉林文史出版社@d2019.05
215    @a246页@d21cm
330    @a本书用通俗易懂的语言, 结合大量的实例, 多角度、宽范围地讲述了心理学的基本知识, 剖析了生活中常见的心理障碍及应对策略, 指出了人们的心理和生活困惑, 最后还教给读者一些心理调节的方法, 称得上是一本生活中的心理学百科全书。
606 0  @a心理学@Axin li xue@j通俗读物
690    @aB84-49@v5
701  0 @a邢群麟@Axing qun lin@4著
701  0 @a杨英@Ayang ying@4著
801  0 @aCN@bBJXHZP@c20230228
905    @b1390574-8@dB84@e4124@f5
    
    生活中的心理学/邢群麟, 杨英著.-长春:吉林文史出版社,2019.05
    246页;21cm
    
    
    ISBN 978-7-5472-6160-6:CNY36.00
    本书用通俗易懂的语言, 结合大量的实例, 多角度、宽范围地讲述了心理学的基本知识, 剖析了生活中常见的心理障碍及应对策略, 指出了人们的心理和生活困惑, 最后还教给读者一些心理调节的方法, 称得上是一本生活中的心理学百科全书。
●
相关链接 在E读中查询图书 在五车中查询图书 在当当中查询图书 在豆瓣中查询图书


正题名:生活中的心理学     索取号:B84/4124         预约/预借

序号 登录号 条形码 馆藏地/架位号 状态 备注
1 1358591   213585912   第一样本阅览室/ [索取号:B84/4124] 在馆    
2 1358592   213585921   教育系资料室/ [索取号:B84/4124] 在馆    
3 1358593   213585930   教育系资料室/ [索取号:B84/4124] 在馆    
4 1358594   213585949   第一借阅区/ [索取号:B84/4124] 在馆    
5 1358595   213585958   第一借阅区/ [索取号:B84/4124] 在馆    
6 1390574   213905746   第一借阅区/ [索取号:B84/4124] 在馆    
7 1390575   213905755   第一借阅区/ [索取号:B84/4124] 在馆    
8 1390576   213905764   第一借阅区/ [索取号:B84/4124] 在馆    
9 1390577   213905773   第一借阅区/ [索取号:B84/4124] 在馆    
10 1390578   213905782   第一借阅区/ [索取号:B84/4124] 在馆    
唐山师范学院图书馆 欢迎您!
大连网信软件有限公司© 版权所有